000 00370nam a2200145Ia 4500
008 240624s9999 xx 000 0 und d
041 _aeng
082 _a005.74 MUN
100 _aMUNDY JOY
245 _aMICROSOFT DATA WAREHOUSE TOOLKIT WITH SQ
250 _a(2nd ed.)
260 _c2011
_aNew Delhi
_bWiley
300 _axlvi, : 648 : p. : cm. ; 26
365 _cRS
_b33
999 _c25567
_d25567